Nem lett népszerű a költségtérítéses képzés. Orvosi diploma évente egymillióért
Elmentve itt :
| Dokumentumtípus: | Cikk |
|---|---|
| Megjelent: |
2000-05-04
|
| Sorozat: | Délmagyarország
90 No. 103 |
| Kulcsszavak: | Oktatás, költségtérítéses |
| Online Access: | http://dmarchiv.bibl.u-szeged.hu/80808 |
| LEADER | 00479nab a2200145 i 4500 | ||
|---|---|---|---|
| 001 | delm80808 | ||
| 005 | 20191029102426.0 | ||
| 008 | 191029s2000 hu o 0|| hun d | ||
| 040 | |a SZTE Délmagyarország Archívum |b hun | ||
| 041 | |a hun | ||
| 245 | 0 | 4 | |a Nem lett népszerű a költségtérítéses képzés. Orvosi diploma évente egymillióért |h [elektronikus dokumentum] |
| 260 | |c 2000-05-04 | ||
| 300 | |a 11 | ||
| 490 | 0 | |a Délmagyarország |v 90 No. 103 | |
| 695 | |a Oktatás, költségtérítéses | ||